| 000 | 01268 a2200193 4500 | ||
|---|---|---|---|
| 003 | Nust | ||
| 005 | 20220728141546.0 | ||
| 010 | _a 2003043448 | ||
| 020 | _a1891389246 (acid-free paper) | ||
| 040 | _cNust | ||
| 082 | 0 | 0 | _a510,MCQ |
| 100 | 1 |
_aMcQuarrie, Donald A. _961641 |
|
| 245 | 1 | 0 |
_aMathematical methods for scientists and engineers / _cDonald A. McQuarrie. |
| 260 |
_aSausalito, Calif. : _bUniversity Science Books, _cc2003. |
||
| 300 |
_axiii, 1161 p. : _bcol. ill. ; _c25 cm. |
||
| 505 |
_aFunction of a Signal Variable (Page-1), Infinite Series (Page-63),Function Defined as Integrals (Page-115), Complex Numbers and Complex Functions (Page-159), Vectors (Page-191), Functions of Several Variables (Page-231)Vector Calculus (Page-301) Curvilinear Coordinates (Page-349)Linear Algebra Vector Space (Page-197), Matrices and Eigenvalue Problems (Page-455),Ordinary Differential Equations (Page-515),Series Solutions of Differential Equations (Page-575), Qualitative Methods for Nonlinear Differential Equations (Page-625), Functions of a Complex Variable : Applications (Page-921),Calculus of Variations (Page-985), Probability Theory and Stochastic Process (Page-1023),Mathematical Statistics (Page-1075). _g |
||
| 650 | 0 | _aMathematics. | |
| 942 |
_cREF _2ddc |
||
| 999 |
_c175247 _d175247 |
||